Holiday Quiz

Random Holiday or Grab Bag Quiz

Daddy Grab Bag Quiz Stats

Quiz Updated Mar 6, 2012

Also try: NFL Grab Bag
Challenge
Share
Tweet
Embed
Score 0/60 Timer 12:00
0 Plays Today
% Correct
Dad
88.6%
Papa
81%
Father Christmas
68.5%
Papa John's Pizza
65.5%
Father Time
64.8%
Daddy Warbucks
60.6%
Father Knows Best
58.3%
Big Daddy
55.1%
daddy longlegs
54.2%
Puff Daddy
53.8%
Daddy Day Care
48.4%
Our Father who art in heaven
45.7%
American Dad!
45.5%
Papa Don't Preach
45.3%
godaddy.com
45%
'Father of his country'
44%
The Mamas and the Papas
43.9%
sugar daddy
43.6%
poppy seed
42.3%
'Godfather of Soul'
32%
Father of the Bride
31.4%
Papa Smurf
30.8%
Pop Warner
30.7%
My Two Dads
26.6%
The Courtship of Eddie's Father
22.1%
'Father of the atomic bomb'
21.9%
Make Room for Daddy
21.5%
Major Dad
20.5%
Father Figure
19.9%
Ghost Dad
18.7%
% Correct
Father Mulcahy
18.3%
Cherry Poppin' Daddies
17.4%
Papa's Got a Brand New Bag
17.1%
Father Guido Sarducci
16.7%
Papa Doc
16.6%
Papa Roach
16.3%
Papa Was a Rollin' Stone
14.2%
Iggy Pop
13.2%
In the Name of the Father
12.7%
Papa, Can You Hear Me?
12.5%
Fatherhood
12.2%
Father Flanagan
11.8%
Daddy Yankee
11.3%
Father Dowling Mysteries
10%
Fathers' Day
9.8%
Father Murphy
9.6%
Poppy Montgomery
8.9%
Dreams from My Father
6.9%
Father Brown
6%
Father Ted
6%
Fathers and Sons
5.3%
Fatha
5.2%
Like Father Like Son
4.9%
Flags of Our Fathers
4.2%
Gone Daddy Gone
3.8%
Father Coughlin
3%
My Dad's Gone Crazy
2.4%
Pop Goes the World
1.5%
Ma and Pa Kettle
1%
Papa-Oom-Mow-Mow
0.9%

You're not logged in!

Compare scores with friends on all Sporcle quizzes.
Join for Free
OR
Log In

You Might Also Like...

Show Comments

Extras

Top Quizzes Today


Score Distribution

Your Account Isn't Verified!

In order to create a playlist on Sporcle, you need to verify the email address you used during registration. Go to your Sporcle Settings to finish the process.

Report this User

Report this user for behavior that violates our Community Guidelines.

Details: